MARC

LEADER 00000nam0a2200000 4500
001 42282
005 20231031015215.0
010 |a 5943870326 
035 |a (RuTPU)RU\TPU\book\43534 
090 |a 42282 
100 |a 20020828d2002 k y0rusy50 ca 
101 0 |a rus 
102 |a RU 
105 |a a z 001zy 
200 1 |a Источники питания ПК и периферии  |f Д. П. Кучеров  |g Под ред. С. Л. Корякина-Черняка 
210 |a СПб.  |c Наука и техника  |d 2002 
215 |a 384 с.  |c ил. 
225 1 |a Профи 
320 |a Библиогр.: с. 371-373. 
610 1 |a информатика 
610 1 |a персональные компьютеры 
610 1 |a электропитание 
610 1 |a питание 
610 1 |a системные блоки 
610 1 |a мониторы 
610 1 |a сетевые фильтры 
610 1 |a бесперебойное питание 
610 1 |a аккумуляторные батареи 
610 1 |a источники 
675 |a 681.3:621.3  |v 3 
700 1 |a Кучеров  |b Д. П. 
702 1 |a Корякин-Черняк  |b С. Л.  |4 340 
801 1 |a RU  |b 63413507  |c 20020828  |g PSBO 
801 2 |a RU  |b 63413507  |c 20160427  |g PSBO 
942 |c BK